|
|
|
|
| LEADER |
00000cas a2200000 c 4500 |
| 001 |
338480536 |
| 003 |
DE-627 |
| 005 |
20260207122309.0 |
| 007 |
tu |
| 008 |
011228c19919999gw z| m| 0 |0ger c |
| 015 |
|
|
|a 07,A27,0111
|2 dnb
|
| 016 |
7 |
|
|a 023021942
|2 DE-101
|
| 016 |
7 |
|
|a 2064334-2
|2 DE-600
|
| 022 |
|
|
|a 1435-666X
|
| 035 |
|
|
|a (DE-627)338480536
|
| 035 |
|
|
|a (DE-576)061674354
|
| 035 |
|
|
|a (DE-599)ZDB2064334-2
|
| 035 |
|
|
|a (OCoLC)85547940
|
| 040 |
|
|
|a DE-627
|b ger
|c DE-627
|e rakwb
|
| 041 |
|
|
|a ger
|
| 044 |
|
|
|c XA-DE
|
| 082 |
0 |
4 |
|a 150
|q DE-101
|
| 082 |
0 |
4 |
|a 150
|q DE-600
|
| 245 |
0 |
0 |
|a Studienreihe psychologische Forschungsergebnisse
|
| 246 |
3 |
3 |
|a Psychologische Forschungsergebnisse
|
| 264 |
3 |
1 |
|a Hamburg
|b Kovač
|c 1991-
|
| 336 |
|
|
|a Text
|b txt
|2 rdacontent
|
| 337 |
|
|
|a ohne Hilfsmittel zu benutzen
|b n
|2 rdamedia
|
| 338 |
|
|
|a Band
|b nc
|2 rdacarrier
|
| 362 |
0 |
|
|a [1.]1991 - [19.]1997; nachgewiesen 21.1997 -
|
| 363 |
0 |
1 |
|a 1
|i 1991
|
| 363 |
1 |
0 |
|i 1997
|a 19
|
| 515 |
|
|
|a Springende Ersch.-Jahre; unregelmäßig
|
| 655 |
|
7 |
|a Monografische Reihe
|0 (DE-588)4179998-7
|0 (DE-627)104628669
|0 (DE-576)209995106
|2 gnd-content
|
| 889 |
|
|
|w (DE-603)055183174
|
| 889 |
|
|
|w (DE-576)301140847
|
| 889 |
|
|
|w (DE-627)1371140847
|
| 889 |
|
|
|w (DE-627)1871410843
|
| 935 |
|
|
|a mteo
|
| 935 |
|
|
|i sdedup20221108
|
| 936 |
s |
n |
|a c200
|2 mzub
|
| 951 |
|
|
|a ST
|
| ELC |
|
|
|b 1
|
| LOK |
|
|
|0 000 xxxxxcx a22 zn 4500
|
| LOK |
|
|
|0 001 231372509X
|
| LOK |
|
|
|0 003 DE-627
|
| LOK |
|
|
|0 004 338480536
|
| LOK |
|
|
|0 005 20000315000000
|
| LOK |
|
|
|0 008 990701||||||||||||||||ger|||||||
|
| LOK |
|
|
|0 040
|a DE-21
|c DE-627
|d DE-21
|
| LOK |
|
|
|0 852
|a DE-21
|
| LOK |
|
|
|0 852 1
|9 00
|
| LOK |
|
|
|0 939
|a 1999-07-01
|b l01
|
| LOK |
|
|
|0 000 xxxxxcx a22 zn 4500
|
| LOK |
|
|
|0 001 2313725103
|
| LOK |
|
|
|0 003 DE-627
|
| LOK |
|
|
|0 004 338480536
|
| LOK |
|
|
|0 005 20000311000000
|
| LOK |
|
|
|0 008 000221||||||||||||||||ger|||||||
|
| LOK |
|
|
|0 040
|a DE-21-35
|c DE-627
|d DE-21-35
|
| LOK |
|
|
|0 852
|a DE-21-35
|
| LOK |
|
|
|0 852 1
|c Einzelsignatur
|m p
|9 00
|
| LOK |
|
|
|0 938
|k p
|
| LOK |
|
|
|0 939
|a 2000-02-21
|b l01
|
| LOK |
|
|
|0 000 xxxxxcx a22 zn 4500
|
| LOK |
|
|
|0 001 2313725111
|
| LOK |
|
|
|0 003 DE-627
|
| LOK |
|
|
|0 004 338480536
|
| LOK |
|
|
|0 005 20060516113454
|
| LOK |
|
|
|0 008 991229||||||||||||||||ger|||||||
|
| LOK |
|
|
|0 040
|a DE-21-110
|c DE-627
|d DE-21-110
|
| LOK |
|
|
|0 852
|a DE-21-110
|
| LOK |
|
|
|0 852 1
|m p
|9 00
|
| LOK |
|
|
|0 935
|a k110
|
| LOK |
|
|
|0 938
|k p
|
| LOK |
|
|
|0 939
|a 1999-12-29
|b l01
|
| LOK |
|
|
|0 000 xxxxxcx a22 zn 4500
|
| LOK |
|
|
|0 001 231372512X
|
| LOK |
|
|
|0 003 DE-627
|
| LOK |
|
|
|0 004 338480536
|
| LOK |
|
|
|0 005 20041122000000
|
| LOK |
|
|
|0 008 030716||||||||||||||||ger|||||||
|
| LOK |
|
|
|0 040
|a DE-21-51
|c DE-627
|d DE-21-51
|
| LOK |
|
|
|0 852
|a DE-21-51
|
| LOK |
|
|
|0 852 1
|m p
|9 00
|
| LOK |
|
|
|0 935
|a gesa
|a k051
|
| LOK |
|
|
|0 938
|k p
|
| LOK |
|
|
|0 939
|a 2003-07-16
|b l01
|
| LOK |
|
|
|0 000 xxxxxcx a22 zn 4500
|
| LOK |
|
|
|0 001 2580748199
|
| LOK |
|
|
|0 003 DE-627
|
| LOK |
|
|
|0 004 338480536
|
| LOK |
|
|
|0 005 20080918104727
|
| LOK |
|
|
|0 008 080918||||||||||||||||ger|||||||
|
| LOK |
|
|
|0 040
|a DE-21-1
|c DE-627
|d DE-21-1
|
| LOK |
|
|
|0 852
|a DE-21-1
|
| LOK |
|
|
|0 852 1
|m p
|9 00
|
| LOK |
|
|
|0 935
|a k001
|a i001
|a kneu
|
| LOK |
|
|
|0 938
|k p
|
| LOK |
|
|
|0 939
|a 2008-09-18
|b l01
|
| LOK |
|
|
|0 000 xxxxxcx a22 zn 4500
|
| LOK |
|
|
|0 001 2313724697
|
| LOK |
|
|
|0 003 DE-627
|
| LOK |
|
|
|0 004 338480536
|
| LOK |
|
|
|0 005 19991022000000
|
| LOK |
|
|
|0 008 991022||||||||||||||||ger|||||||
|
| LOK |
|
|
|0 040
|a DE-Frei85
|c DE-627
|d DE-Frei85
|
| LOK |
|
|
|0 852
|a DE-Frei85
|
| LOK |
|
|
|0 852 1
|9 00
|
| LOK |
|
|
|0 939
|a 1999-10-22
|b l01
|
| ORI |
|
|
|a WA-MARC-krimdokb001.raw
|
| SPR |
|
|
|a 1
|t KRI
|